| 000 | 00490nam a2200157 a 4500 | ||
|---|---|---|---|
| 001 | 000042272 | ||
| 005 | 20201002040038.0 | ||
| 008 | 131121s1963 sp 000 0 spa d | ||
| 020 | _a8401810167 | ||
| 040 |
_aDO-SdBNP _bspa _cBNPHU |
||
| 100 | 1 |
_aSegalen, Víctor _969308 |
|
| 245 | 1 | 0 |
_aAntología : _bVersión de Leopoldo Azancot / _cVíctor Segalen. |
| 260 |
_aBarcelona : _bPlaza Janes, _c1963. |
||
| 300 |
_a196 p. ; _c20 cm. |
||
| 500 | _aSelecciones de poesía universal, texto bilingüe | ||
| 999 |
_c41761 _d41761 |
||